000 00204 a2200097 4500
001 4371
100 _aDavie,A.H
245 _aElements of pulse techniques
260 _a
_bChapman
_c
090 _c3569
_d3569
942 _aNUST-CAE
_cM
_c28546
999 _c239444
_d239444